| 000 -LEADER | |
|---|---|
| fixed length control field | 00501nam a22001817a 4500 |
| 005 - DATE AND TIME OF LATEST TRANSACTION | |
| control field | 20230119122112.0 |
| 008 - FIXED-LENGTH DATA ELEMENTS--GENERAL INFORMATION | |
| fixed length control field | 200318b xxu||||| |||| 00| 0 eng d |
| 020 ## - INTERNATIONAL STANDARD BOOK NUMBER | |
| ISBN | 9788123919188 |
| 041 ## - LANGUAGE CODE | |
| Language code of text/sound track or separate title | eng |
| 082 ## - DEWEY DECIMAL CLASSIFICATION NUMBER | |
| Classification number | 615.7 |
| 100 ## - MAIN ENTRY--AUTHOR NAME | |
| Personal name | QADRY,J.S |
| 245 ## - TITLE STATEMENT | |
| Title | ORGANIC PHARMACEUTICAL AND MEDICINAL CHEMISTRY FUNDAMENTAL-1 |
| Statement of responsibility, etc | J.S QADRY |
| 250 ## - EDITION STATEMENT | |
| Edition statement | 4'TH |
| 260 ## - PUBLICATION, DISTRIBUTION, ETC. (IMPRINT) | |
| Place of publication | NEW DELHI |
| Name of publisher | CBS PUBLISHERS AND DISTRIBUTORS |
| 300 ## - PHYSICAL DESCRIPTION | |
| Number of Pages | 354 P. ;VII |
| 650 ## - SUBJECT ADDED ENTRY--TOPICAL TERM | |
| Topical Term | PHARMACY |
| General subdivision | B.PHARMA & D.PHARMA |
| 942 ## - ADDED ENTRY ELEMENTS (KOHA) | |
| Koha item type | Books |
| Lost status | Damaged status | Collection code | Home library | Current library | Shelving location | Date acquired | Source of acquisition | Cost, normal purchase price | Full call number | Accession Number | Koha item type |
|---|---|---|---|---|---|---|---|---|---|---|---|
| PHARMACY | JRU Library | JRU Library | SHELF-17-D | 18/03/2020 | PURCHASE | 395.00 | 615.7 | 23813 | Books |